000 00745nam a2200217Ia 4500
003 GCL
005 20240530102757.0
008 140319s9999 xx 000 0 ara d
040 _aGCL /
_cGCL
082 0 4 _a811.056
_bأ ف
100 1 _aايليا حاوى
245 1 0 _aفن الشعر الخمرى وتطوره عند العرب /
_cايليا حاوى
260 _a[ بيروت ] :
_bدار الثقافة العربية
_cد ت
300 _a437 ص؛
_b24 سم
490 _aالمرجع فى الفنون الادبية وتطورها عند العرب
_v( 2 )
650 0 4 _aالشعر العربى
650 0 4 _aالادب العربى
650 0 4 _aدواوين وقصائد
650 0 4 _aتاريخ ونقد
942 _2ddc
_cBK
999 _c34590
_d34590